| 000 | 00878cam a22002895a 4500 | ||
|---|---|---|---|
| 001 | 462243 | ||
| 005 | 20150812142448.0 | ||
| 008 | 831004s1984 okuab frb 001 0 eng d | ||
| 010 | _a 83021988 | ||
| 020 | _a0878142517 | ||
| 040 |
_aDLC _beng _cDLC _dDLC _dEG-ScBUE |
||
| 050 | 0 | 0 |
_aTN271.P4 _bV57 1984 |
| 082 | 0 | 4 |
_a622.18282 _bVIS _222 |
| 100 | 1 |
_aVisher, Glenn S. _99752 |
|
| 245 | 1 | 0 |
_aExploration stratigraphy / _cGlenn S. Visher. |
| 260 |
_aTulsa, Oklahoma : _bPennWell Books, _cc.1984. |
||
| 300 |
_aix, 334 p. : _bill., maps, charts ; _c29 cm. |
||
| 500 | _aIndex : p. 331-334. | ||
| 504 | _aBibliography : p. 317-329. | ||
| 590 | _adoaa mohamed | ||
| 650 | 0 |
_aPetroleum _xProspecting. _99753 _2BUEsh |
|
| 650 | 0 |
_aGeology, Stratigraphic. _99754 _2BUEsh |
|
| 651 | _2BUEsh | ||
| 653 |
_bENGPET _cAugust2015 |
||
| 655 |
_vreading book _934232 |
||
| 942 |
_2ddc _cBB |
||
| 999 |
_c13006 _d13006 |
||